Statistics for Disney Villains and Antagonists

Click here to take the quiz!

General Stats

  • This quiz has been taken 26 times
  • The average score is 23 of 34

Answer Stats

HintAnswer% Correct
Snow White and the Seven DwarfsQueen Grimhilde
100%
101 DalmationsCruella de Vil
95%
Beauty and the BeastGaston
95%
AladdinJafar
95%
The Lion KingScar
95%
The Little MermaidUrsula
95%
Peter PanCaptain Hook
90%
HerculesHades
90%
Alice in WonderlandQueen of Hearts
90%
The Jungle BookShere Khan
85%
FrozenHans
80%
Sleeping BeautyMaleficent
80%
TangledMother Gothel
75%
The Nightmare Before ChristmasOogie Boogie
75%
The Emperor's New GrooveYzma
75%
Princess and the FrogDr. Facilier
70%
CinderellaLady Tremaine
70%
The Hunchback of Notre DameClaude Frollo
65%
PocahontasGovernor John Ratcliffe
65%
Robin HoodPrince John
65%
AristocatsEdgar Balthazar
60%
MulanShan Yu
60%
ZootopiaDawn Bellweather
55%
The Sword in the StoneMadam Mim
55%
The Great Mouse DetectiveProfessor Ratigan
55%
The RescuersMadame Medusa
50%
TarzanClayton
45%
PinocchioStromboli
40%
The Black CauldronThe Horned King
40%
FantasiaChernabog
35%
Treasure PlanetJohn Silver
35%
MoanaTamatoa
35%
EnchantedQueen Narissa
25%
Atlantis: The Lost EmpireCommander Lyle Tiberius Rourke
20%

Score Distribution

Percentile by Number Answered

Percent of People with Each Score

Your Score History

You have not taken this quiz